O Guarani (Record no. 153302)

MARC details
000 -LÍDER
campo de controle de tamanho fixo 00286 a2200133 4500
001 - NÚMERO DE CONTROLE
campo de controle 153302
040 ## - FONTE DA CATALOGAÇÃO
Instituição que transcreveu o registro Escola São Tomás de Aquino
100 ## - ENTRADA PRINCIPAL--NOME PESSOAL
Nome pessoal ALENCAR, José
240 10 - TÍTULO UNIFORME
Título uniforme O Guarani
Idioma da obra por
245 10 - TÍTULO
Título O Guarani
300 ## - DESCRIÇÃO FÍSICA
Extensão 402
697 ## - ENTRADA DE ASSUNTO LOCAL--ENTIDADE COLETIVA (RLIN)
Nome corporativo ou nome da jurisdição LITERATURA BRASILEIRA
942 ## - ELEMENTOS DE ENTRADA ADICIONADOS (KOHA)
Tipo de material Koha Livros
Holdings
Situação do descarte Situação das perdas Situação física Não pode ser emprestado Biblioteca de origem Biblioteca atual Data de aquisição Total de empréstimos Número de chamada completo Código de barras Data de último acesso Data do preço efetivo Tipo de material Koha
        ESTA - SÃO BENTO ESTA - SÃO BENTO 30/04/2024   B869 ALE GUA EST00007353 30/04/2024 30/04/2024 Livros